Aspekty zodpovedného podnikania subjektov trhu mobilných operátorov Slovenskej republiky

Základné charakteristiky trhu mobilných operátorov na Slovensku. Vývoj na telekomunikačnom trhu Slovenska v roku 2009. Trh pevných služieb. Trh mobilných služieb. Základné princípy zodpovedného podnikania subjektov mobilných operátorov v SR. Príklady neetického správania subjektov mobilných operátor...

Descripción completa

Guardado en:
Detalles Bibliográficos
Autor principal: Dubcová, Gabriela, 1968-
Otros Autores: Grančičová, Katarína, 1967-
Formato: Capítulo de libro
Lenguaje:eslovaco
Materias:
Etiquetas: Agregar Etiqueta
Sin Etiquetas, Sea el primero en etiquetar este registro!

MARC

LEADER 00000naa$a2200000$$$4500
001 0125256
005 20240502083317.7
041 0 |a slo 
044 |a CZ 
245 1 0 |a Aspekty zodpovedného podnikania subjektov trhu mobilných operátorov Slovenskej republiky  |c Gabriela Dubcová, Katarína Grančičová 
520 |a Základné charakteristiky trhu mobilných operátorov na Slovensku. Vývoj na telekomunikačnom trhu Slovenska v roku 2009. Trh pevných služieb. Trh mobilných služieb. Základné princípy zodpovedného podnikania subjektov mobilných operátorov v SR. Príklady neetického správania subjektov mobilných operátorov. 
610 2 0 |a telefón mobilný 
610 2 0 |a operátori 
610 2 0 |a podnikanie zodpovedné 
610 2 0 |a etika 
610 2 0 |a etika podnikateľská 
100 1 |a Dubcová, Gabriela, 1968- 
700 1 |a Grančičová, Katarína, 1967-